| 000 | 00538 a2200157 4500 | ||
|---|---|---|---|
| 040 |
_aDLC _bDLC |
||
| 082 | _a302.35 | ||
| 100 | _a Newstrom, John W. | ||
| 245 |
_aOrganizational behavior : human behavior at work _chuman behavior at work _hJohn W, Newstrom. |
||
| 250 | _a12th ed. | ||
| 260 |
_aNew Delhi : _b Tata McGraw-Hill, _cc2007. |
||
| 300 |
_a xx, 527 p. :. _b ill. ; _c 26 cm |
||
| 500 | _aIncludes bibliographical references and index | ||
| 650 | _a1.Organizational behavior. 2.Industrial sociology. | ||
| 942 |
_cBK _k302.35 NEW _2ddc |
||
| 999 |
_c7208 _d7208 |
||